|
|
|
|
| LEADER |
01034nam a2200253 a 4500 |
| 001 |
14379121 |
| 008 |
130422s2007 enka 000 0 eng d |
| 010 |
|
|
|a 2006276429
|
| 020 |
|
|
|a 9781844072576 (alk. paper)
|
| 020 |
|
|
|a 1844072576 (alk. paper)
|
| 040 |
|
|
|a DLC
|c DLC
|d DLC
|d BD-DhAAL
|
| 082 |
0 |
0 |
|a 658.4/08
|2 22
|
| 100 |
1 |
|
|a Sheldon, Christopher.
|
| 245 |
1 |
0 |
|a Environmental management systems :
|b a step-by-step guide to implementation and maintenance /
|c Christopher Sheldon and Mark Yoxon.
|
| 250 |
|
|
|a 3rd ed.
|
| 260 |
|
|
|a London ;
|a Sterling, VA :
|b Earthscan,
|c 2007.
|
| 300 |
|
|
|a xiv, 280 p. :
|b ill. ;
|c 25 cm.
|
| 541 |
|
|
|e 00026849
|
| 650 |
|
0 |
|a Environmental management.
|
| 700 |
1 |
|
|a Yoxon, Mark.
|
| 700 |
1 |
|
|a Sheldon, Christopher.
|t Installing environmental management systems.
|
| 852 |
1 |
|
|a Ayesha Abed Library
|c General shelf.
|
| 999 |
|
|
|c 13360
|d 13360
|
| 952 |
|
|
|0 0
|1 0
|2 ddc
|4 0
|6 658_408000000000000_SHE
|7 0
|9 22266
|a IGS
|b IGS
|c GEN
|d 2012-04-27
|e Mullick & Brothers
|g 300.00
|l 0
|o 658.408 SHE
|p 3010026849
|r 2013-04-28
|t 1
|w 2012-04-27
|y BK
|